| 000 | 00000nas 2200000za 4500 |
| 001 | 9.828586 |
| 003 | CaOODSP |
| 005 | 20221107145059 |
| 007 | cr ||||||||||| |
| 008 | 161202d19882000oncmr p oss f0## a0eng|d |
| 022 | |y0840-8238 |
| 040 | |aCaOODSP|beng |
| 041 | |aeng|afre |
| 043 | |an-cn--- |
| 086 | 1 |aCS31-001-PDF |
| 245 | 00|aMonthly survey of manufacturing |h[electronic resource] = |bEnquête mensuelle sur les industries manufacturières. |
| 246 | 11|aEnquête mensuelle sur les industries manufacturières |
| 260 | |aOttawa : |bStatistics Canada = Statistique Canada, |c1988-2001. |
| 310 | |aMonthly |
| 362 | 0 |aJuly 1988-Oct. 2000. |
| 500 | |aDigitized edition from print [produced by Statistics Canada]. |
| 520 | |aThis publication provides estimated values of manufacturers' shipments, inventories and orders by month. Data are presented for 22 major groups and selected individual industries. |
| 546 | |aText in English and French. |
| 550 | |aIssued June 1991-May 1997 by Industry Division; June 1997-Oct. 2000 by Manufacturing, Construction and Energy Division, Monthly Survey of Manufactures Section. |
| 692 | 07|2gccst|aInventories |
| 692 | 07|2gccst|aShipping |
| 710 | 2 |aStatistics Canada.|bMonthly Survey of Manufactures Section. |
| 710 | 1 |aCanada. |bStatistics Canada. |bIndustry Division. |
| 780 | 00|tInventories, shipments & orders in manufacturing industries |w(CaOODSP)9.828540 |
| 785 | 00|tMonthly survey of manufacturing |w(CaOODSP)9.500039 |
| 792 | |tMonthly survey of manufacturing |efre|w(CaOODSP)9.828587 |